LOGIC OF LIFE THE RATIONAL ECONOMICS OF (Record no. 19698)

MARC details
000 -LEADER
fixed length control field 00365nam a2200145Ia 4500
008 - FIXED-LENGTH DATA ELEMENTS--GENERAL INFORMATION
fixed length control field 240624s9999 xx 000 0 und d
041 ## - LANGUAGE CODE
Language code of text/sound track or separate title eng
082 ## - DEWEY DECIMAL CLASSIFICATION NUMBER
Classification number 330 HAR
100 ## - MAIN ENTRY--PERSONAL NAME
Personal name HARFORD TIM
245 ## - TITLE STATEMENT
Title LOGIC OF LIFE THE RATIONAL ECONOMICS OF
250 ## - EDITION STATEMENT
Edition statement (Reprint Edition ed.)
260 ## - PUBLICATION, DISTRIBUTION, ETC.
Date of publication, distribution, etc. 2009
Place of publication, distribution, etc. London
Name of publisher, distributor, etc. Random House
300 ## - PHYSICAL DESCRIPTION
Extent 255 : p.
365 ## - TRADE PRICE
Currency code RS
Price amount 25
Holdings
Withdrawn status Lost status Damaged status Not for loan Home library Current library Shelving location Date acquired Source of acquisition Cost, normal purchase price Full call number Barcode Date last seen Copy number Price effective from Koha item type
        IMTN IMTN Rack 4-B 09/27/2012 IBH 450.00 330 HAR 19698 06/24/2024 1 06/24/2024 Books
Designed & Maintained by: LRC IMT Nagpur Contact: lrc@imtnag.ac.in© 2024. All Rights Reserved.